000 00383nam a2200145Ia 4500
008 211109s9999||||xx |||||||||||||| ||und||
082 _a824
_bSMI-E
100 _aSmith, G Gregory
245 0 _aEligaluthan Critical Essays Vol: I
260 _bOxford University Press
_aLondon
_c1904
300 _a431p.
630 _xGeneral Stack
650 _aENGLISH ESSAY
_xEnglish
942 _cBOOK
999 _c4044
_d4044